Statystyki dla Puchar Świata - klasyfikacja generalna za sezon 2009/10

Kliknij tutaj aby rozwiązać quiz!

Ogólne statystyki

  • Ten quiz został rozwiązany 45 razy
  • Średni wynik to 57 z 92

Statystyki odpowiedzi

MiejsceSkoczekNarodowośćPkt% Poprawnych
24.Kamil StochPolska203
100%
5.Adam MałyszPolska842
97%
1.Simon AmmannSzwajcaria1649
97%
22.Jakub JandaCzechy256
94%
11.Janne AhonenFinlandia494
94%
17.Noriaki KasaiJaponia344
94%
4.Andreas KoflerAustria893
92%
16.Daiki ItoJaponia359
92%
2.Gregor SchlierenzauerAustria1368
92%
3.Thomas MorgensternAustria944
92%
9.Bjoern Einar RomoerenNorwegia517
89%
53.Jan MaturaCzechy45
89%
29.Martin SchmittNiemcy150
89%
10.Robert KranjecSłowenia503
89%
6.Wolfgang LoitzlAustria760
89%
14.Harri OlliFinlandia367
86%
35.Peter PrevcSłowenia106
86%
63.Roman KoudelkaCzechy20
86%
42.Severin FreundNiemcy75
86%
Taku TakeuchiJaponia54
86%
36.Anders BardalNorwegia99
83%
23.Antonin HajekCzechy230
83%
27.Matti HautamaekiFinlandia154
83%
Stefan HulaPolska20
83%
7.Anders JacobsenNorwegia557
81%
33.Andreas KuttelSzwajcaria111
81%
Denis KornilovRosja26
81%
48.Lukas HlavaCzechy56
81%
8.Martin KochAustria545
81%
37.Sebastian ColloredoWłochy96
81%
15.Emmanuel ChedalFrancja365
78%
49.Janne HapponenFinlandia54
78%
18.Johan Remen EvensenNorwegia337
78%
41.Łukasz RutkowskiPolska79
78%
28.Dimitriy VassilievRosja151
75%
31.Jernej DamjanSłowenia134
75%
67.Ville LarintoFinlandia16
75%
Jurij TepesSłowenia10
72%
12.Michael UhrmannNiemcy424
72%
Richard FreitagNiemcy1
72%
39.Manuel FettnerAustria82
69%
59.Marcin BachledaPolska32
69%
32.Shohei TochimotoJaponia124
69%
Takanobu OkabeJaponia2
69%
Andrea MorassiWłochy60
67%
20.Michael NeumayerNiemcy285
67%
21.Andreas WankNiemcy259
64%
45.Krzysztof MiętusPolska60
64%
Michael HayboeckAustria54
64%
Grzegorz MiętusPolska20
61%
57.Pavel KarelinRosja34
61%
30.Roar LjoekelsoeyNorwegia140
61%
26.Tom HildeNorwegia180
61%
47.Vincent Descombes SevoieFrancja59
61%
55.Olli MuotkaFinlandia41
58%
19.Pascal BodmerNiemcy336
58%
Stephan HockeNiemcy3
58%
60.Anders FannemelNorwegia26
56%
56.Andreas StjernenNorwegia36
56%
13.David ZaunerAustria403
53%
58.Primoz PiklSłowenia33
50%
52.Borek SedlakCzechy51
47%
Hyun-Ki KimKorea Południowa2
47%
74.Maximilian MechlerNiemcy8
47%
75.Yuta WataseJaponia7
47%
76.Dimitry IpatovRosja6
42%
38.Fumihisa YumotoJaponia84
42%
43.Lukas MullerAustria71
42%
62.Martin CiklCzechy23
42%
34.Kalle KeituriFinlandia110
39%
73.Kazuya YoshiokaJaponia9
39%
71.Kento SakuyamaJaponia10
39%
Nikolay KarpenkoKazachstan2
39%
82.Roberto DellasegaWłochy2
39%
69.Vegard-Haukoe SklettNorwegia11
39%
68.Vitaliy ShumbaretsUkraina13
39%
25.Stefan ThurnbichlerAustria201
36%
Akseli KokkonenNorwegia11
33%
54.Georg SpathNiemcy42
33%
80.Ilya RoslakovRosja3
33%
44.Mitija MeznarSłowenia64
33%
Mario InnauerAustria82
28%
Alexey KorolevKazachstan2
25%
Kenneth GangnesNorwegia1
25%
79.Robert HrgotaSłowenia4
25%
66.Yukio SakanoJaponia17
25%
90.Tobias BongerNiemcy1
22%
Akira HigashiJaponia2
17%
Atle Pedersen RoensenNorwegia2
17%
Kai KovaljeffFinlandia2
8%
Kimmo YliriestoFinlandia5
6%
77.Florian SchabereiterAustria5
0%

Rozkład punktacji

Percentyl według liczby udzielonych odpowiedzi

Procent ludzi z każdym wynikiem

Twoja historia wyników

Nie rozwiązałeś tego quizu